000 00791nam a2200289Ia 4500
001 Z_74
003 CHAP
008 220113s198X xx 000 0 und d
010 _a163040
040 _cCHAP
090 _aFolleto 93
100 _aUACH. Departamento de Zootecnia
_9137188
245 _aSección de producción: Instalación y equipo aislamiento de conejares /
_cUACH. Departamento de Zootecnia
260 _aChapingo, Méx. :
_bLa Universidad,
_c198X
300 _a4 p.
440 _a
500 _a
503 _a
650 _aConstrucciones rurales
_927378
650 _aCunicultura I. Instalaciones y equipo: aislamiento de conejares II. t.
_9137259
901 _aFolleto 93
902 _aA
910 _a198X
942 _cc14
942 _cc14
999 _c163040
_d163040